=LDR 00000nam 2200000 4500 =001 NUTBA000000000001528 =005 20140430155033.0 =006 =007 =008 =035 ##$$a 0010-041400000000798 =082 ##$$a 028.5 =090 ##$$a 028.5 $b kee a =100 ##$$a keen achroni $t anak kreatif seri kebutuhanku =245 ##$$a anak kreatif seri lingkungan sekitar =260 ##$$a Jakarta $b pt buku kita =300 ##$$a 24 hlm $b illus $c 28 cm =850 ##$$a NBPBMAT =990 ##$$a 21195670/BPAP-NTB/2014